[Event "Bretagne-ch U14"]
[Site "Ploermel"]
[Date "2007.02.16"]
[Round "6"]
[White "Ciclaire, Alexandre"]
[Black "Delporte, Charles"]
[Result "1/2-1/2"]
[WhiteElo "1450"]
[BlackElo "1630"]
[PlyCount "65"]
[EventDate "2007.02.13"]
[EventType "tourn"]
[EventRounds "6"]
[EventCountry "FRA"]
[SourceTitle "EXT 2008"]
[Source "ChessBase"]
[SourceDate "2007.11.25"]
[SourceVersion "1"]
[SourceVersionDate "2007.11.25"]
[SourceQuality "1"]

1. e4 c6 2. Nc3 d5 3. exd5 cxd5 4. d4 Nf6 5. Nf3 Nc6 6. Be2 Bf5 7. 0-0 a6 8. Bf4 Nb4 9. Bd3 Nxd3 10. cxd3 e6 11. h3 Bd6 12. Bxd6 Qxd6 13. Qa4+ Qc6 14. Qd1 Nd7 15. Nh4 Bg6 16. Rc1 Qd6 17. Nxg6 hxg6 18. Qa4 Qc6 19. Qb3 Qb6 20. Qa3 Rh4 21. Ne2 a5 22. Rc2 Qb4 23. Qxb4 axb4 24. b3 f6 25. Rfc1 Ke7 26. Kh2 Kd6 27. g3 Rhh8 28. Re1 g5 29. Kg2 e5 30. f4 gxf4 31. gxf4 Rhe8 32. Ng3 g6 33. f5 1/2-1/2

[Event "Bretagne-ch U14"]
[Site "Ploermel"]
[Date "2007.02.14"]
[Round "2"]
[White "Ciclaire, Alexandre"]
[Black "Gueguen, Corentin"]
[Result "1-0"]
[WhiteElo "1450"]
[BlackElo "1360"]
[PlyCount "59"]
[EventDate "2007.02.13"]
[EventType "tourn"]
[EventRounds "6"]
[EventCountry "FRA"]
[SourceTitle "EXT 2008"]
[Source "ChessBase"]
[SourceDate "2007.11.25"]
[SourceVersion "1"]
[SourceVersionDate "2007.11.25"]
[SourceQuality "1"]

1. e4 e5 2. Nf3 Nc6 3. d4 exd4 4. Nxd4 Qh4 5. Nxc6 Qxe4+ 6. Be3 Qxc6 7. Nc3 Bb4 8. Qd4 Bxc3+ 9. bxc3 d5 10. Qxg7 Qf6 11. Bd4 Qxg7 12. Bxg7 Bf5 13. Bxh8 f6 14. Bd3 Bxd3 15. cxd3 0-0-0 16. 0-0 Rf8 17. Rfe1 c5 18. g4 h6 19. f4 Rf7 20. Re8+ Kd7 21. Rxg8 f5 22. Rg7 Rxg7 23. Bxg7 fxg4 24. Bxh6 a5 25. Re1 Kc6 26. f5 b5 27. f6 b4 28. cxb4 cxb4 29. f7 a4 30. f8Q 1-0